Nuestro idioma en la Argentina / (Record no. 77077)

MARC details
000 -LEADER
campo de control de longitud fija 00638nam a2200181 i 4500
001 - NÚMERO DE CONTROL
campo de control 77077
003 - IDENTIFICADOR DE NÚMERO DE CONTROL
campo de control ES-MaACL
005 - FECHA Y HORA DE LA ÚLTIMA TRANSACCIÓN
campo de control 20230906173059.0
007 - CAMPO FIJO DE DESCRIPCIÓN FÍSICA--INFORMACIÓN GENERAL
campo de control de longitud fija t|
008 - DATOS DE LONGITUD FIJA--INFORMACIÓN GENERAL
campo de control de longitud fija 041006s1932 sp ||||1| spa d
100 1# - ENTRADA PRINCIPAL--NOMBRE DE PERSONA
Nombre de persona Gutiérrez Alfaro, Antonio.
9 (RLIN) 61084
245 10 - MENCIÓN DEL TÍTULO
Título Nuestro idioma en la Argentina /
Mención de responsabilidad, etc. conferencia pronunciada por Antonio Gutiérez Alfaro.
260 ## - PUBLICACIÓN, DISTRIBUCIÓN, ETC.
Lugar de publicación, distribución, etc. Jerez de la Frontera :
Nombre del editor, distribuidor, etc. [s.n.],
Fecha de publicación, distribución, etc. 1932 (
Fabricante Tip. de M. Martín)
300 ## - DESCRIPCIÓN FÍSICA
Extensión 32 p. ;
Dimensiones 32 cm.
500 ## - NOTA GENERAL
Nota general Precede al tít.: Ateneo Jerezano.
710 2# - ENTRADA AGREGADA--NOMBRE DE ENTIDAD CORPORATIVA
Nombre de entidad corporativa o nombre de jurisdicción como elemento de entrada Ateneo Científico, Literario y Artístico de Jerez de la Frontera.
9 (RLIN) 134155
852 ## - LOCALIZACIÓN
Ubicación ES-MaACL
Número de control de estantería 1758-F-19
Holdings
Estatus retirado Estado de pérdida Estado de daño No para préstamo Colección Biblioteca de origen Biblioteca actual Ubicación en estantería Fecha de adquisición Fuente de adquisición Total de préstamos Signatura topográfica completa Código de barras Visto por última vez Precio de reemplazo Tipo de ítem Koha
        Colección de folletos Biblioteca del Ateneo de Madrid Biblioteca del Ateneo de Madrid Depósito folletos 17/01/2008     1758-F-19 1080649 23/02/2023 23/02/2023 Folleto